Gestión de proyectos / (Registro nro. 9878)
[ vista simple ]
| 000 -LEADER | |
|---|---|
| Campo de control de longitud fija | 02012nam a22002777a 4500 |
| 003 - IDENTIFICADOR DEL NÚMERO DE CONTROL | |
| Campo de control | PE SENCICO BE |
| 005 - FECHA Y HORA DE LA ÚLTIMA TRANSACCIÓN | |
| Campo de control | 20260417153437.0 |
| 008 - ELEMENTOS DE LONGITUD FIJA - INFORMACIÓN GENERAL | |
| Campo de control de longitud fija | 260417b |||||||| |||| 00| 0 eng d |
| 017 ## - NÚMERO DEL REGISTRO DE DERECHOS DE AUTOR O DEL DEPÓSITO LEGAL | |
| Fuente | 2006-11271 |
| 020 ## - ISBN | |
| ISBN | 978-9972-87-5 |
| 040 ## - FUENTE DE CATALOGACIÓN | |
| Origen de catalogación | PE SENCICO BE |
| Agencia que realiza la transcripción | PE SENCICO BE |
| 041 ## - CÓDIGO DE IDIOMA | |
| Idioma del texto | spa |
| 082 ## - NÚMERO DE CLASIFICACIÓN DECIMAL DEWEY | |
| Código de Clasificación Dewey | 658.404 |
| Notación Interna | R81 |
| 100 1# - ASIENTO PRINCIPAL--NOMBRE PERSONAL | |
| Autor Personal | Romero Moreno, Gesvin |
| 9 (RLIN) | 637 |
| Término relacionado | autor |
| 245 1# - MENCIÓN DEL TITULO | |
| Título | Gestión de proyectos / |
| Mención de responsabilidad | Gesvin Romero Moreno |
| 250 ## - MENCIÓN DE EDICIÓN | |
| Edición | 1a ed. |
| 260 ## - PUBLICACIÓN, DISTRIBUCIÓN, ETC. (PIE DE IMPRENTA) | |
| Lugar de publicación, distribución, etc. | Lima : |
| Nombre de la Editorial, Distribuidor, etc. | Grupo Editorial Megabyte SAC ; |
| Fecha de publicación, distribución, etc. | 2007 |
| 300 ## - DESCRIPCIÓN FÍSICA | |
| Paginación | 650 paginas : |
| Otros detalles físicos | ilustraciones ; |
| Dimensión | 21.5 cm. |
| 505 0# - NOTA DE CONTENIDO CON FORMATO PREESTABLECIDOE | |
| Contenido o índice | Ciclo de vida y las funciones en la gestión de proyectos – Misión del proyecto – Calidad en los proyectos de carácter único – Equipo de gestión y el pensamiento sistémico – Gestión del riesgo – Los estudios previos y el plan directos – Gestión del diseño – Gestión del coste – Gestión del medio ambiente – Gestión del plazo – Gestión del aprovisionamiento – Gestión de las licencias – Gestión de la corporificarían – Gestión de la operación y de los recursos y gestión de calidad – Gestión de la comunicación y la documentación – Fase final del ciclo de vida |
| 520 3# - NOTA DE RESUMEN, ETC. | |
| Resumen, etc. | Presenta de manera práctica las diferentes actividades involucradas con la gestión de proyectos, desde el ciclo de vida de un proyecto, así como sus principales funciones y variables procesales como el nivel de esfuerzo, valor añadido y cambios proyectuales. Luego se desarrollan conceptos relacionados con la misión proyectual y el entendimiento de la misma como el carácter, identidad y razón de ser de una organización. Finalmente, aborda el concepto de calidad, así como sus más importantes características, su proyecto y su aseguramiento por medio de la elaboración del plan de calidad |
| 650 10 - ASIENTO SECUNDARIO DE MATERIA - TERMINO TEMÁTICO | |
| Término de tema o elemento de entrada de nombre geográfico | Administración de proyectos |
| 9 (RLIN) | 363 |
| 650 20 - ASIENTO SECUNDARIO DE MATERIA - TERMINO TEMÁTICO | |
| Término de tema o elemento de entrada de nombre geográfico | Proceso constructivo |
| 9 (RLIN) | 426 |
| 650 20 - ASIENTO SECUNDARIO DE MATERIA - TERMINO TEMÁTICO | |
| Término de tema o elemento de entrada de nombre geográfico | Financiamiento de proyectos |
| 9 (RLIN) | 638 |
| 910 ## - RESPONSABLE DEL REGISTRO | |
| Coordinador de procesamiento de la información | hfp |
| 942 ## - ELEMENTOS DE KOHA | |
| Fuente de clasificación o esquema de estanterías | Dewey Decimal Classification |
| Tipo de documento | Libros |
| 999 ## - | |
| -- | 9878 |
| -- | 9878 |
| Estado Retiro | Estado Perdido | Sistema de Clasificación o Esquema de Estantería | Estado Dañado | No es para préstamo | Ubicación Permanente | Ubicación Actual | Fecha de adquisición | Total Checkouts | Signatura topográfica completa | Código de Barras | Date last seen | Precio efectivo desde | Tipo de ítem |
|---|---|---|---|---|---|---|---|---|---|---|---|---|---|
| Dewey Decimal Classification | Biblioteca Tacna | Biblioteca Tacna | 17/04/2026 | 658.404/R81 | BibZtacn26042617 | 17/04/2026 | 17/04/2026 | Libros |